000 00917nac a22002537a 4500
001 BR7803313
003 BR-BrBNA
005 20240105114226.0
008 230509b bl.|||m| |||| 00| 0 por d
040 _aBR-BrBNA
_bpor
_cBiblioteca Nacional de Agricultura
072 _aE70
090 _aE70 BR7803313
110 1 _aInstituto Brasileiro de Economia, Rio de Janeiro, RJ. Centro de Estudos Agricolas
_95764
245 1 _aPrecos de 10 produtos utilizados nas atividades agropecuarias, 2. semestre de 1977 [Preco pago; Preco medio; Brasil]
260 3 _aRio de Janeiro, RJ (Brasil):
_cFeb 1978.
300 _a16 p.
490 _aPrecos de 10 Produtos Utilizados nas Atividades Agropecuarias (Brazil)
_v
_xISSN 0579-7977
500 _aNumerical data
650 _aComercializacao
650 _aPreco pago
650 _aPreco medio
909 _a202312
_bLúcia Elande
_c55
_dLúcia Elande
942 _2AGRIS
_n0
_cMS
999 _c268116
_d268116